Perspektívy vývoja energetickej bezpečnosti ČĽR správa o výsledkoch riešenia projektu za rok 2016 : projekt mladých učiteľov, vedeckých pracovníkov a doktorandov v dennej forme štúdia

Gespeichert in:
Bibliographische Detailangaben
1. Verfasser: Hlavová, Natália, 1991-
Körperschaft: Ekonomická univerzita v Bratislave
Weitere Verfasser: Královičová, Michaela, Mináriková, Michaela, Ondriaš, Juraj, 1988-, Kadvanová, Katarína, Zagoršek, Branislav, 1984-, Bocora, Ján
Format: Buch
Sprache:Slowakisch
Veröffentlicht: Bratislava 2016
Ausgabe:1. vydanie
Schlagworte:
Tags: Tag hinzufügen
Keine Tags, Fügen Sie das erste Tag hinzu!

MARC

LEADER 00000nam a2200000 4500
001 0240866
005 20241002133805.5
041 0 |a slo 
044 |a SK 
245 1 0 |a Perspektívy vývoja energetickej bezpečnosti ČĽR  |b správa o výsledkoch riešenia projektu za rok 2016 : projekt mladých učiteľov, vedeckých pracovníkov a doktorandov v dennej forme štúdia  |c zodpovedný riešiteľ: Natália Hlavová, spoluriešitelia: Michaela Královičová ... [et al.] ; oponenti: Branislav Zagoršek, Ján Bocora 
250 |a 1. vydanie 
264 1 |a Bratislava  |c 2016 
300 |a [30 s.] 
610 2 0 |a bezpečnosť energetická 
610 2 0 |a energetika 
610 2 0 |a Čína 
100 1 |a Hlavová, Natália, 1991- 
700 1 |a Královičová, Michaela 
700 1 |a Mináriková, Michaela 
700 1 |a Ondriaš, Juraj, 1988- 
700 1 |a Kadvanová, Katarína 
700 1 |a Zagoršek, Branislav, 1984- 
700 1 |a Bocora, Ján 
710 2 |a Ekonomická univerzita v Bratislave